000 03215nam a2200241Ia 4500
003 Ost
005 20260507075731.0
008 260507s9999||||xx |||||||||||||| ||und||
040 _cfsecg
041 _aara
082 _a658.4056
100 _aالبلقيني، محمد توفيق
_eمؤلف
245 0 _aمبادئ ادارة الخطر والتامين /
_c محمد توفيق البلقيني
260 _aالقاهرة:
_bدار الكتب الاكاديمية,
_c2003
300 _a715 صفحة؛
_c24 سم
504 _aبيبليوغرافيا : ص. 715
520 _a...يمثل سوق التأمين جزءاً هاماً ومتكاملاً من السوق المالية.. بل يعتبر قطاع التأمين من أهم القطاعات المالية والتجارية محلياً ودولياً، ويعتبر قطاع التأمين في مصر من أهم المؤثرات في السوق المالية، ولقد حدث تطوراً واسع النطاق في سوق التامين بمصرممثلاً في ظهور وانتشار كافة أنواع التغطيات التأمينية سواء كانت تأمينات أشخاص او تأمينات ممتلكات أو تأمينات إجبارية. كما تمثل ذلك التوسع في تنوع وانتشار الهيئات القائمة على تقديم الخدمة التأمينية فقد ظهر في سوق التأمين المصري العديد من شركات التأمين سواءاً كانت شركات قطاع أعمال عام، أو قطاع أعمال خاص، هذا بالإضافة إلى الهيئات القومية والحكومية للتأمين. ولذلك كان لزاماً على الجهات العلمية في مصر ان تقدم المزيد من التعريف والدراسة بهذا الحقل الهام في سوق المال والتجارة، بحيث يستيطع المواطن أن يخدم المجتمع المصري في هذا المجال، وكمساهمة منا يسعدنا أن ندم هذا الكتاب متضمناً تعاريف ودراسة وافية بمبادئ الخطر والتأمين من الناحيتين النظرية والتطبيقية، وقد تم عرض هذا الكتاب من خلال ستة أبواب وهم كالتالي: (الباب الأول: دراسة الجوانب العلمية والعملية في الخطر، الباب الثاني: دراسة مقدمة نظرية عن التأمين، الباب الثالث: دراسة الجوانب العلمية والعملية لفروع التامينات العامة، الباب الرابع: دراسة الجوانب العلمية والعملية في فروع التأمين على الحياة، الباب الخامس: دراسة الجوانب العلمية والعملية في التأمينات الإجتماعية، الباب السادس: دراسة الجوانب العلمية والعملية في إعادة التأمين).
653 _aإدارة الأزمات
653 _aإدارة المخاطر
653 _aالتأمين-مخاطر
700 _aعبد الباقي، جمال
_eمؤلف ثانوي
942 _cكتاب
999 _c46033
_d46033